[Event "HUN-chT2 Toth 1617"]
[Site "Hungary"]
[Date "2016.10.30"]
[Round "3.1"]
[White "Joo, Janos"]
[Black "Egri, Laszlo"]
[Result "1/2-1/2"]
[WhiteElo "2050"]
[BlackElo "2090"]
[PlyCount "20"]
[EventDate "2016.09.25"]
[EventType "team-tourn"]
[EventRounds "11"]
[EventCountry "HUN"]
[SourceTitle "EXT 2021"]
[Source "ChessBase"]
[SourceDate "2020.10.23"]
[SourceVersion "1"]
[SourceVersionDate "2020.10.23"]
[SourceQuality "1"]
[WhiteTeam "Mako Duocor II"]
[BlackTeam "Nadudvar"]
[WhiteTeamCountry "HUN"]
[BlackTeamCountry "HUN"]

1. c4 c5 2. g3 Nf6 3. Bg2 Nc6 4. Nc3 e6 5. Nf3 d5 6. cxd5 Nxd5 7. 0-0 Be7 8. d4 Nxc3 9. bxc3 Bd7 10. Rb1 b6 1/2-1/2

[Event "HUN-chT2 Toth 1617"]
[Site "Hungary"]
[Date "2016.10.09"]
[Round "2.1"]
[White "Egri, Laszlo"]
[Black "Samu, Gabor Jr"]
[Result "1/2-1/2"]
[WhiteElo "2090"]
[BlackElo "2257"]
[PlyCount "29"]
[EventDate "2016.09.25"]
[EventType "team-tourn"]
[EventRounds "11"]
[EventCountry "HUN"]
[SourceTitle "EXT 2021"]
[Source "ChessBase"]
[SourceDate "2020.10.23"]
[SourceVersion "1"]
[SourceVersionDate "2020.10.23"]
[SourceQuality "1"]
[WhiteTeam "Nadudvar"]
[BlackTeam "Bekes"]
[WhiteTeamCountry "HUN"]
[BlackTeamCountry "HUN"]

1. e4 c5 2. c3 d5 3. exd5 Qxd5 4. d4 Nf6 5. Nf3 Nc6 6. Be2 Bf5 7. Be3 cxd4 8. cxd4 e6 9. 0-0 Bxb1 10. Qxb1 Be7 11. Rd1 0-0 12. Ng5 Rad8 13. Bf3 Qa5 14. a3 Qc7 15. Qc2 1/2-1/2

[Event "HUN-chT2 Toth 1617"]
[Site "Hungary"]
[Date "2016.09.25"]
[Round "1.1"]
[White "Egri, Laszlo"]
[Black "Csala, Imre"]
[Result "1/2-1/2"]
[WhiteElo "2090"]
[BlackElo "2163"]
[PlyCount "23"]
[EventDate "2016.09.25"]
[EventType "team-tourn"]
[EventRounds "11"]
[EventCountry "HUN"]
[SourceTitle "EXT 2021"]
[Source "ChessBase"]
[SourceDate "2020.10.23"]
[SourceVersion "1"]
[SourceVersionDate "2020.10.23"]
[SourceQuality "1"]
[WhiteTeam "Nadudvar"]
[BlackTeam "Kecskemet Toth Laszlo II"]
[WhiteTeamCountry "HUN"]
[BlackTeamCountry "HUN"]

1. e4 d6 2. d4 Nf6 3. Nc3 e5 4. dxe5 dxe5 5. Qxd8+ Kxd8 6. Bc4 Bb4 7. f3 Ke7 8. Nge2 Be6 9. Bxe6 Kxe6 10. a3 Ba5 11. Bd2 c6 12. Na4 1/2-1/2

[Event "HUN-chT2 Barcza 1516"]
[Site "Hungary"]
[Date "2016.04.17"]
[Round "11.1"]
[White "Hando, Vilmos"]
[Black "Egri, Laszlo"]
[Result "1-0"]
[WhiteElo "2318"]
[BlackElo "2111"]
[PlyCount "63"]
[EventDate "2015.09.13"]
[EventType "team-tourn"]
[EventRounds "11"]
[EventCountry "HUN"]
[SourceTitle "EXT 2017"]
[Source "ChessBase"]
[SourceDate "2016.10.25"]
[SourceVersion "1"]
[SourceVersionDate "2016.10.25"]
[SourceQuality "1"]
[WhiteTeam "Kazincbarcika"]
[BlackTeam "Nadudvar"]
[WhiteTeamCountry "HUN"]
[BlackTeamCountry "HUN"]

1. d4 Nf6 2. c4 e6 3. Nf3 d5 4. Nc3 c6 5. cxd5 exd5 6. Bg5 Be7 7. Qc2 g6 8. e3 Bf5 9. Qd2 0-0 10. h3 Nbd7 11. Be2 b5 12. 0-0 b4 13. Na4 Ne4 14. Bxe7 Qxe7 15. Qd1 g5 16. Nd2 Ndf6 17. Rc1 Rac8 18. Nxe4 dxe4 19. Rc5 Nd5 20. Qc2 Bd7 21. Ra5 Rc7 22. Rxd5 Bxh3 23. Re5 Be6 24. Nc5 Qf6 25. Nxe4 Qh6 26. Rxg5+ Kh8 27. Rh5 Qg6 28. Qc5 Rg8 29. Rg5 Qxe4 30. Bf3 Rxg5 31. Qxg5 Qg6 32. Qd8+ 1-0

[Event "HUN-chT2 Barcza 1516"]
[Site "Hungary"]
[Date "2015.12.06"]
[Round "6.2"]
[White "Oros, Robert"]
[Black "Egri, Laszlo"]
[Result "1-0"]
[WhiteElo "2242"]
[BlackElo "2110"]
[PlyCount "75"]
[EventDate "2015.09.13"]
[EventType "team-tourn"]
[EventRounds "11"]
[EventCountry "HUN"]
[SourceTitle "CBM 170 Extra"]
[Source "ChessBase"]
[SourceDate "2016.02.25"]
[SourceVersion "1"]
[SourceVersionDate "2016.02.25"]
[SourceQuality "1"]
[WhiteTeam "Nyiregyhaza"]
[BlackTeam "Nadudvar"]
[WhiteTeamCountry "HUN"]
[BlackTeamCountry "HUN"]

1. d4 Nf6 2. c4 e6 3. Nc3 Bb4 4. e3 c5 5. Nf3 Nc6 6. Bd3 Bxc3+ 7. bxc3 d6 8. e4 e5 9. d5 Na5 10. Nd2 0-0 11. 0-0 b6 12. Nb3 Nxb3 13. axb3 Nd7 14. Qh5 Qe7 15. Bg5 f6 16. Bd2 g6 17. Qh4 Kh8 18. Be2 Qf7 19. Bg4 f5 20. exf5 gxf5 21. Bh3 Nf6 22. f4 e4 23. Be3 Rg8 24. b4 Ng4 25. Bxg4 Rxg4 26. Qd8+ Qg8 27. Qxd6 Rxg2+ 28. Kh1 Rg6 29. bxc5 bxc5 30. Qxc5 h5 31. Qe7 Rg7 32. Bd4 Kh7 33. Qh4 Rg6 34. Rg1 Bb7 35. Qxh5+ Rh6 36. Qxf5+ Rg6 37. Qh3+ Rh6 38. Qd7+ 1-0

[Event "HUN-chT2 Maroczy 1415"]
[Site "Hungary"]
[Date "2015.03.22"]
[Round "8"]
[White "Kaman, Attila"]
[Black "Egri, Laszlo"]
[Result "1/2-1/2"]
[WhiteElo "2124"]
[BlackElo "2112"]
[PlyCount "31"]
[EventDate "2014.10.12"]
[EventType "team-tourn"]
[EventRounds "9"]
[EventCountry "HUN"]
[SourceTitle "EXT 2016"]
[Source "ChessBase"]
[SourceDate "2015.10.08"]
[SourceVersion "1"]
[SourceVersionDate "2015.10.08"]
[SourceQuality "1"]
[WhiteTeam "Hajduboszormeny"]
[BlackTeam "Kisujszallas"]
[WhiteTeamCountry "HUN"]
[BlackTeamCountry "HUN"]

1. d4 d5 2. Nf3 Nf6 3. c4 c6 4. Nc3 e6 5. e3 Nbd7 6. Bd3 Be7 7. 0-0 b6 8. Qe2 Bb7 9. Rd1 0-0 10. e4 dxe4 11. Nxe4 c5 12. dxc5 Bxe4 13. Bxe4 Nxe4 14. Qxe4 Nxc5 15. Qe2 Qc7 16. Bg5 1/2-1/2

[Event "HUN-chT2 Maroczy 1415"]
[Site "Hungary"]
[Date "2015.03.01"]
[Round "7"]
[White "Egri, Laszlo"]
[Black "Urhegyi, Marton"]
[Result "0-1"]
[WhiteElo "2112"]
[BlackElo "2171"]
[PlyCount "52"]
[EventDate "2014.10.12"]
[EventType "team-tourn"]
[EventRounds "9"]
[EventCountry "HUN"]
[SourceTitle "EXT 2016"]
[Source "ChessBase"]
[SourceDate "2015.10.08"]
[SourceVersion "1"]
[SourceVersionDate "2015.10.08"]
[SourceQuality "1"]
[WhiteTeam "Kisujszallas"]
[BlackTeam "Kobanya Aquarena"]
[WhiteTeamCountry "HUN"]
[BlackTeamCountry "HUN"]

1. e4 c5 2. c3 Nf6 3. e5 Nd5 4. d4 cxd4 5. cxd4 e6 6. Nc3 Nxc3 7. bxc3 Qc7 8. Bd2 d6 9. Nf3 Nd7 10. exd6 Bxd6 11. Bd3 b6 12. 0-0 0-0 13. Re1 Bb7 14. Bxh7+ Kxh7 15. Ng5+ Kg8 16. Qh5 Nf6 17. Qh4 Qc6 18. Re4 Rfc8 19. Rae1 Qd5 20. Bf4 Bxf4 21. Qxf4 Qf5 22. Qxf5 exf5 23. Re7 Bd5 24. R1e3 Bxa2 25. R3e5 g6 26. h4 Rxc3 0-1

[Event "HUN-chT2 Maroczy 1415"]
[Site "Hungary"]
[Date "2015.02.08"]
[Round "6"]
[White "Egri, Laszlo"]
[Black "Hajdu, Zoltan"]
[Result "1-0"]
[WhiteElo "2112"]
[BlackElo "1882"]
[PlyCount "109"]
[EventDate "2014.10.12"]
[EventType "team-tourn"]
[EventRounds "9"]
[EventCountry "HUN"]
[SourceTitle "EXT 2016"]
[Source "ChessBase"]
[SourceDate "2015.10.08"]
[SourceVersion "1"]
[SourceVersionDate "2015.10.08"]
[SourceQuality "1"]
[WhiteTeam "Kisujszallas"]
[BlackTeam "Miskolc KisBocsok"]
[WhiteTeamCountry "HUN"]
[BlackTeamCountry "HUN"]

1. e4 d6 2. d4 Nf6 3. Nc3 Nbd7 4. Be3 e5 5. Nf3 c6 6. h3 Be7 7. Bd3 b5 8. dxe5 dxe5 9. 0-0 0-0 10. Qd2 Qc7 11. Ne2 Nc5 12. Ng3 Rd8 13. Bxc5 Bxc5 14. b4 Bb6 15. a4 a6 16. Qc3 Bd4 17. Nxd4 exd4 18. Qc5 Nd7 19. Qe7 Bb7 20. f4 c5 21. bxc5 Qxc5 22. Qxc5 Nxc5 23. axb5 Nxd3 24. cxd3 axb5 25. Rxa8 Rxa8 26. Rb1 Bc6 27. Nf5 Be8 28. Nxd4 Ra3 29. Rb3 b4 30. Rxb4 Rxd3 31. Kf2 Kf8 32. Ke2 Rg3 33. Kf2 Rd3 34. Ke2 Rg3 35. Kf2 Rd3 36. Nf5 g6 37. Rd4 Ra3 38. Ne3 h5 39. g4 hxg4 40. hxg4 Bc6 41. g5 Ke7 42. Nc4 Rc3 43. Ne5 Bb5 44. Rb4 Rc5 45. Ke3 Be8 46. Rb7+ Kf8 47. Rxf7+ Kg8 48. Re7 Rc8 49. f5 gxf5 50. exf5 Bh5 51. f6 Rc2 52. g6 Re2+ 53. Kf4 Rxe5 54. Kxe5 Bxg6 55. Rg7+ 1-0

[Event "HUN-chT2 Maroczy 1415"]
[Site "Hungary"]
[Date "2014.11.30"]
[Round "3"]
[White "Vamos, Viktor"]
[Black "Egri, Laszlo"]
[Result "1/2-1/2"]
[WhiteElo "2183"]
[BlackElo "2112"]
[PlyCount "30"]
[EventDate "2014.10.12"]
[EventType "team-tourn"]
[EventRounds "9"]
[EventCountry "HUN"]
[SourceTitle "EXT 2016"]
[Source "ChessBase"]
[SourceDate "2015.10.08"]
[SourceVersion "1"]
[SourceVersionDate "2015.10.08"]
[SourceQuality "1"]
[WhiteTeam "TLSE"]
[BlackTeam "Kisujszallas"]
[WhiteTeamCountry "HUN"]
[BlackTeamCountry "HUN"]

1. b3 e5 2. Bb2 Nc6 3. c4 g6 4. Nc3 Bg7 5. g3 d6 6. e3 Nge7 7. Bg2 Bd7 8. Nge2 Qc8 9. h3 0-0 10. a3 a6 11. d3 Rb8 12. Rc1 b5 13. cxb5 axb5 14. Nd5 Nxd5 15. Bxd5 Ne7 1/2-1/2

[Event "HUN-chT2 Maroczy 1213"]
[Site "Hungary"]
[Date "2013.04.21"]
[Round "11"]
[White "Egri, Laszlo"]
[Black "Horvath, Julia"]
[Result "1/2-1/2"]
[WhiteElo "2128"]
[BlackElo "2206"]
[PlyCount "25"]
[EventDate "2012.09.16"]
[EventType "team-tourn"]
[EventRounds "11"]
[EventCountry "HUN"]
[SourceTitle "EXT 2014"]
[Source "ChessBase"]
[SourceDate "2013.11.20"]
[SourceVersion "1"]
[SourceVersionDate "2013.11.20"]
[SourceQuality "1"]
[WhiteTeam "Kisujszallas"]
[BlackTeam "Vasas"]
[WhiteTeamCountry "HUN"]
[BlackTeamCountry "HUN"]

1. e4 c5 2. c3 g6 3. d4 cxd4 4. cxd4 d5 5. exd5 Nf6 6. Bb5+ Nbd7 7. Nc3 Bg7 8. d6 exd6 9. Qe2+ Qe7 10. Bf4 Qxe2+ 11. Bxe2 Ke7 12. Bf3 Nb6 13. Nge2 1/2-1/2

[Event "Budapest FS11 FM-A"]
[Site "Budapest"]
[Date "2012.11.09"]
[Round "6"]
[White "Egri, Laszlo"]
[Black "Farkas, Richard"]
[Result "1/2-1/2"]
[WhiteElo "2134"]
[BlackElo "2107"]
[PlyCount "48"]
[EventDate "2012.11.03"]
[EventType "tourn"]
[EventRounds "10"]
[EventCountry "HUN"]
[SourceTitle "EXT 2013"]
[Source "ChessBase"]
[SourceDate "2012.11.22"]
[SourceVersion "1"]
[SourceVersionDate "2012.11.22"]
[SourceQuality "1"]

1. Nf3 f5 2. b3 Nf6 3. Bb2 e6 4. e3 b6 5. Be2 Bb7 6. 0-0 d6 7. c4 Nbd7 8. d3 Be7 9. Nbd2 0-0 10. Qc2 e5 11. Rac1 Nc5 12. Rfd1 Ne6 13. h3 Qd7 14. b4 a5 15. a3 axb4 16. axb4 Qa4 17. Qxa4 Rxa4 18. b5 Rfa8 19. Ra1 Ra2 20. Bc3 Nc5 21. Ne1 Kf7 22. Rxa2 Rxa2 23. Ra1 Rxa1 24. Bxa1 Ke6 1/2-1/2

[Event "Budapest FS11 FM-A"]
[Site "Budapest"]
[Date "2012.11.07"]
[Round "4"]
[White "Egri, Laszlo"]
[Black "Schenkerik, Csaba"]
[Result "0-1"]
[WhiteElo "2134"]
[BlackElo "2074"]
[PlyCount "74"]
[EventDate "2012.11.03"]
[EventType "tourn"]
[EventRounds "10"]
[EventCountry "HUN"]
[SourceTitle "EXT 2013"]
[Source "ChessBase"]
[SourceDate "2012.11.22"]
[SourceVersion "1"]
[SourceVersionDate "2012.11.22"]
[SourceQuality "1"]

1. e4 c5 2. Nc3 e6 3. g3 d5 4. exd5 exd5 5. Bg2 Nf6 6. d4 cxd4 7. Nce2 Bb4+ 8. Bd2 Qe7 9. Nf3 Ne4 10. 0-0 Nc6 11. a3 Bc5 12. b4 Bb6 13. b5 Ne5 14. Nfxd4 0-0 15. Nb3 Bg4 16. Bb4 Qf6 17. Bxf8 Nc3 18. Bxg7 Kxg7 19. Qd2 Bxe2 20. Qxc3 Nf3+ 21. Bxf3 Qxc3 22. Bxe2 Qxc2 23. Bd1 Qb2 24. a4 Rc8 25. Kh1 Rc3 26. Kg2 Rxb3 27. Bxb3 Qxb3 28. a5 Bd4 29. Rab1 Bb2 30. Rfd1 Qc2 31. Re1 d4 32. Red1 d3 33. Kf3 d2 34. Ke2 Bc1 35. Rb4 Qc5 36. Rb1 Qc4+ 37. Ke3 Qc2 0-1

[Event "HUN-chT2 Maroczy 1213"]
[Site "Hungary"]
[Date "2012.11.04"]
[Round "3"]
[White "Borda, Lajos"]
[Black "Egri, Laszlo"]
[Result "1/2-1/2"]
[WhiteElo "2120"]
[BlackElo "2128"]
[PlyCount "50"]
[EventDate "2012.09.16"]
[EventType "team-tourn"]
[EventRounds "11"]
[EventCountry "HUN"]
[SourceTitle "EXT 2014"]
[Source "ChessBase"]
[SourceDate "2013.11.20"]
[SourceVersion "1"]
[SourceVersionDate "2013.11.20"]
[SourceQuality "1"]
[WhiteTeam "Taban Spartacus"]
[BlackTeam "Kisujszallas"]
[WhiteTeamCountry "HUN"]
[BlackTeamCountry "HUN"]

1. e4 e5 2. Bc4 Nc6 3. c3 Nf6 4. Qe2 Bc5 5. b4 Bb6 6. Nf3 d6 7. d3 Be6 8. Bb3 h6 9. Nbd2 a6 10. Bxe6 fxe6 11. Nc4 Ba7 12. Be3 0-0 13. Bxa7 Rxa7 14. a4 Ra8 15. 0-0 Nh5 16. g3 Qf6 17. Ncd2 Rf7 18. b5 Ne7 19. d4 Ng6 20. dxe5 Nxe5 21. Nd4 Qg6 22. Kh1 axb5 23. axb5 Rxa1 24. Rxa1 Ng4 25. Rf1 Kh7 1/2-1/2

[Event "Zalakaros op 31st"]
[Site "Zalakaros"]
[Date "2012.06.14"]
[Round "7"]
[White "Szente Varga, Fruzsina"]
[Black "Egri, Laszlo"]
[Result "1-0"]
[WhiteElo "2009"]
[BlackElo "2148"]
[PlyCount "57"]
[EventDate "2012.06.08"]
[EventType "swiss"]
[EventRounds "9"]
[EventCountry "HUN"]
[SourceTitle "EXT 2014"]
[Source "ChessBase"]
[SourceDate "2013.11.20"]
[SourceVersion "1"]
[SourceVersionDate "2013.11.20"]
[SourceQuality "1"]

1. e4 e5 2. Nf3 Nc6 3. d4 exd4 4. Nxd4 Nf6 5. Nxc6 bxc6 6. Bd3 Bb4+ 7. c3 Be7 8. 0-0 0-0 9. e5 Ne8 10. Nd2 d5 11. f4 f6 12. Nf3 Bg4 13. Qe1 Qd7 14. Qh4 h6 15. Qg3 Bc5+ 16. Kh1 Bxf3 17. Rxf3 fxe5 18. fxe5 Qe6 19. Bd2 g5 20. Raf1 Ng7 21. Rf6 Qe7 22. Rxh6 Rxf1+ 23. Bxf1 Nf5 24. Rg6+ Kf7 25. Qxg5 Qxe5 26. Bd3 Qxh2+ 27. Kxh2 Rh8+ 28. Rh6 Nxh6 29. Qg6+ 1-0

[Event "HUN-chT2 Maroczy 1112"]
[Site "Hungary"]
[Date "2011.11.12"]
[Round "4"]
[White "Egri, Laszlo"]
[Black "Mate, Balazs"]
[Result "1-0"]
[WhiteElo "2169"]
[BlackElo "2162"]
[PlyCount "69"]
[EventDate "2011.09.25"]
[EventType "team-tourn"]
[EventRounds "11"]
[EventCountry "HUN"]
[SourceTitle "EXT 2013"]
[Source "ChessBase"]
[SourceDate "2012.11.22"]
[SourceVersion "1"]
[SourceVersionDate "2012.11.22"]
[SourceQuality "1"]
[WhiteTeam "Kisujszallas"]
[BlackTeam "Hajduszoboszlo"]
[WhiteTeamCountry "HUN"]
[BlackTeamCountry "HUN"]

1. e4 c5 2. c3 Nf6 3. e5 Nd5 4. d4 cxd4 5. cxd4 e6 6. Nf3 d6 7. Bc4 Nc6 8. Qe2 dxe5 9. dxe5 Bb4+ 10. Nbd2 Nf4 11. Qe4 Ng6 12. 0-0 Qc7 13. Re1 Bd7 14. a3 Be7 15. b4 a6 16. Bb2 Nb8 17. Rac1 Bc6 18. Qd4 Nd7 19. h4 Rd8 20. Qg4 h5 21. Qg3 Nb6 22. Bxe6 Rh6 23. Bxf7+ Kxf7 24. e6+ Kg8 25. Qxc7 Nd5 26. Rxc6 Nxc7 27. Rxc7 Re8 28. g3 Nf8 29. Ng5 Bf6 30. Bxf6 gxf6 31. Nf7 Rh7 32. Rxb7 Nxe6 33. Nd6 Rxb7 34. Nxb7 Re7 35. Nc5 1-0

[Event "HUN-chT2 Maroczy 1011"]
[Site "Hungary"]
[Date "2010.10.24"]
[Round "4"]
[White "Vamos, Viktor"]
[Black "Egri, Laszlo"]
[Result "1/2-1/2"]
[WhiteElo "2185"]
[BlackElo "2160"]
[PlyCount "61"]
[EventDate "2010.09.12"]
[EventType "team-tourn"]
[EventRounds "11"]
[EventCountry "HUN"]
[SourceTitle "EXT 2012"]
[Source "ChessBase"]
[SourceDate "2011.11.24"]
[SourceVersion "1"]
[SourceVersionDate "2011.11.24"]
[SourceQuality "1"]
[WhiteTeam "TLSE"]
[BlackTeam "Kisujszallas"]
[WhiteTeamCountry "HUN"]
[BlackTeamCountry "HUN"]

1. d4 Nf6 2. Bg5 Ne4 3. Bf4 d5 4. e3 c5 5. c3 Nc6 6. Bd3 Nf6 7. Nd2 Qb6 8. Rb1 c4 9. Bc2 Qa5 10. Ra1 b5 11. a3 Qd8 12. e4 Bg4 13. f3 Bh5 14. Ne2 e6 15. 0-0 Be7 16. Bg5 0-0 17. Nf4 Bg6 18. Nxg6 fxg6 19. Qe2 Qd7 20. Kh1 Kh8 21. Rfe1 Rfe8 22. Rad1 a5 23. Qe3 Bf8 24. Bxf6 gxf6 25. exd5 exd5 26. Qf4 Kg7 27. Nf1 b4 28. Rxe8 Rxe8 29. axb4 axb4 30. Ba4 Re2 31. Nd2 1/2-1/2